[Event "Villa Constitucion op"]
[Site "Villa Constitucion"]
[Date "2023.08.19"]
[Round "4"]
[White "Needleman, Alejandro"]
[Black "Valerga, Diego"]
[Result "0-1"]
[WhiteElo "2219"]
[BlackElo "2425"]
[PlyCount "66"]
[EventDate "2023.08.17"]
[EventType "swiss"]
[EventRounds "9"]
[EventCountry "ARG"]
[SourceTitle "EXT 2024"]
[Source "ChessBase"]
[SourceDate "2023.10.10"]
[SourceVersion "1"]
[SourceVersionDate "2023.10.10"]
[SourceQuality "1"]

1. e4 c5 2. Nf3 Nc6 3. g3 g6 4. d4 cxd4 5. Nxd4 Nf6 6. Nc3 d6 7. Nde2 Bg7 8. Bg2 0-0 9. 0-0 Rb8 10. a4 a6 11. h3 b5 12. axb5 axb5 13. Nd5 e6 14. Nxf6+ Bxf6 15. c3 Bb7 16. Nd4 b4 17. Nxc6 Bxc6 18. c4 Qc7 19. Ra6 Be5 20. f4 Bg7 21. Qd3 Qb7 22. Ra2 Rfd8 23. b3 d5 24. exd5 exd5 25. Rd1 dxc4 26. Qxd8+ Rxd8 27. Rxd8+ Bf8 28. Raa8 Qb6+ 29. Kh2 Bxa8 30. Rxa8 cxb3 31. Bb2 Qf2 32. Be5 b2 33. Ra2 Qxg2+ 0-1

[Event "ARG-ch sf 98th"]
[Site "Buenos Aires"]
[Date "2023.05.03"]
[Round "5"]
[White "Needleman, Alejandro"]
[Black "Dubrovich, Igor"]
[Result "1-0"]
[WhiteElo "2244"]
[BlackElo "1963"]
[PlyCount "65"]
[EventDate "2023.04.29"]
[EventType "swiss"]
[EventRounds "9"]
[EventCountry "ARG"]
[SourceTitle "CBM 214 Extra"]
[Source "ChessBase"]
[SourceDate "2023.07.31"]
[SourceVersion "1"]
[SourceVersionDate "2023.07.31"]
[SourceQuality "1"]

1. e4 c5 2. Nf3 d6 3. Bc4 Nf6 4. Qe2 Nc6 5. c3 Bg4 6. d3 e6 7. Bb3 Be7 8. Nbd2 0-0 9. Nf1 Nd7 10. Ng3 Nde5 11. h3 Bxf3 12. gxf3 d5 13. Bc2 Ng6 14. f4 Qc7 15. Qg4 f5 16. exf5 exf5 17. Nxf5 Bf6 18. h4 Rae8+ 19. Kf1 Nge7 20. Ng3 d4 21. Bd2 Kh8 22. c4 Ng8 23. Ne4 Nh6 24. Qh5 Be7 25. Re1 Rc8 26. Ng5 Rf6 27. Rg1 Qd7 28. Rg3 Bd6 29. Bd1 Bxf4 30. Bg4 Qc7 31. Bxc8 g6 32. Qxh6 Ne5 33. Bxf4 1-0

[Event "Titled Tuesday intern op 7th Mar Late"]
[Site "Chess.com INT"]
[Date "2023.03.07"]
[Round "8"]
[White "Hartikainen, Jarmo"]
[Black "Needleman, Alejandro"]
[Result "0-1"]
[WhiteElo "2108"]
[BlackElo "2244"]
[PlyCount "70"]
[EventDate "2023.03.07"]
[EventType "swiss (blitz)"]
[EventRounds "11"]
[EventCountry "USA"]
[SourceTitle "EXT 2024"]
[Source "ChessBase"]
[SourceDate "2023.10.10"]
[SourceVersion "1"]
[SourceVersionDate "2023.10.10"]
[SourceQuality "1"]

1. e4 c5 2. c3 e6 3. d4 d5 4. exd5 exd5 5. Nf3 Nc6 6. Bd3 Nf6 7. h3 Be7 8. 0-0 0-0 9. Be3 c4 10. Bc2 Be6 11. b3 b5 12. a4 a6 13. axb5 axb5 14. Rxa8 Qxa8 15. bxc4 bxc4 16. Nbd2 Qa5 17. Qa1 Ra8 18. Qxa5 Rxa5 19. Ne5 Nxe5 20. dxe5 Nd7 21. Bd4 Bc5 22. Nf3 Bxd4 23. cxd4 h6 24. Rc1 g6 25. Kf1 Ra3 26. Ke2 Kg7 27. Rb1 Ra2 28. Kd2 Bf5 29. Ne1 Nf8 30. Kc3 Ne6 31. Rb5 Bxc2 32. Nxc2 Rxc2+ 33. Kb4 Rb2+ 34. Ka5 Rxb5+ 35. Kxb5 c3 0-1

[Event "Titled Tuesday intern op 7th Mar Late"]
[Site "Chess.com INT"]
[Date "2023.03.07"]
[Round "6"]
[White "Needleman, Alejandro"]
[Black "Cordoba Roa, Angel Gabriel"]
[Result "0-1"]
[WhiteElo "2244"]
[BlackElo "2214"]
[PlyCount "98"]
[EventDate "2023.03.07"]
[EventType "swiss (blitz)"]
[EventRounds "11"]
[EventCountry "USA"]
[SourceTitle "EXT 2024"]
[Source "ChessBase"]
[SourceDate "2023.10.10"]
[SourceVersion "1"]
[SourceVersionDate "2023.10.10"]
[SourceQuality "1"]

1. e4 e5 2. Nf3 Nc6 3. Bb5 a6 4. Ba4 Bc5 5. 0-0 Nge7 6. c3 Ba7 7. d4 Ng6 8. Bxc6 dxc6 9. dxe5 Qxd1 10. Rxd1 Bg4 11. e6 Bxe6 12. Nd4 Bg4 13. Re1 0-0-0 14. Be3 Rhe8 15. Nd2 Ne5 16. f3 Bd7 17. N2b3 c5 18. Nc2 b6 19. Rad1 a5 20. Nc1 Bb8 21. b3 a4 22. Nd3 Nxd3 23. Rxd3 Bb5 24. Rxd8+ Rxd8 25. c4 axb3 26. axb3 Be8 27. Bc1 c6 28. g3 b5 29. Kf2 f6 30. Ke2 Bf7 31. Ne3 Be5 32. Rd1 Bd4 33. Nf5 bxc4 34. Nxd4 cxd4 35. bxc4 Bxc4+ 36. Kd2 c5 37. Ba3 Bb3 38. Rc1 c4 39. f4 Kb7 40. e5 fxe5 41. fxe5 Ra8 42. Bc5 Ra2+ 43. Ke1 d3 44. Be3 Re2+ 45. Kf1 Rxe3 46. Re1 Rxe1+ 47. Kxe1 c3 48. e6 d2+ 49. Kf2 d1Q 0-1

[Event "Vicente Lopez ProAm 100 Years op"]
[Site "Buenos Aires"]
[Date "2022.10.12"]
[Round "2"]
[White "Needleman, Alejandro"]
[Black "Cuenca Jimenez, Jose Fernando"]
[Result "0-1"]
[WhiteElo "2267"]
[BlackElo "2545"]
[PlyCount "94"]
[EventDate "2022.10.11"]
[EventType "swiss"]
[EventRounds "9"]
[EventCountry "ARG"]
[SourceTitle "CBM 210 Extra"]
[Source "ChessBase"]
[SourceDate "2022.11.30"]
[SourceVersion "1"]
[SourceVersionDate "2022.11.30"]
[SourceQuality "1"]

1. e4 c5 2. Nf3 Nc6 3. d4 cxd4 4. Nxd4 e5 5. Nb5 d6 6. N1c3 a6 7. Na3 Be7 8. Nc4 b5 9. Ne3 Nf6 10. Ned5 0-0 11. a4 b4 12. Nxf6+ Bxf6 13. Nd5 Bg5 14. Bc4 Bxc1 15. Rxc1 Be6 16. 0-0 a5 17. c3 bxc3 18. bxc3 Rb8 19. Qd3 Bxd5 20. Bxd5 Ne7 21. Rfd1 Qc7 22. g3 Rb2 23. Rb1 Rfb8 24. Rxb2 Rxb2 25. Qf3 Ng6 26. Qf5 Rb8 27. Rd3 Qe7 28. Rf3 Rf8 29. h4 Qe8 30. Bb3 Ne7 31. Qg5 Nc8 32. Qd2 Qc6 33. Qa2 Qc7 34. Rd3 h5 35. Bc4 g6 36. Ba6 Ne7 37. Bb5 Kg7 38. Qd2 Rd8 39. f4 exf4 40. gxf4 d5 41. c4 d4 42. Kf2 Ng8 43. Rxd4 Qc5 44. Ke3 Nf6 45. Qb2 Ng4+ 46. Kd3 Nf2+ 47. Ke3 Nd1+ 0-1

[Event "Titled Tuesday intern op 23rd Aug Early"]
[Site "Chess.com INT"]
[Date "2022.08.23"]
[Round "2"]
[White "Needleman, Alejandro"]
[Black "Shuvalov, Evgenij"]
[Result "0-1"]
[WhiteElo "2281"]
[BlackElo "2149"]
[PlyCount "44"]
[EventDate "2022.08.23"]
[EventType "swiss (blitz)"]
[EventRounds "11"]
[EventCountry "USA"]
[SourceTitle "EXT 2023"]
[Source "ChessBase"]
[SourceDate "2022.10.05"]
[SourceVersion "1"]
[SourceVersionDate "2022.10.05"]
[SourceQuality "1"]

1. e4 e6 2. d4 d5 3. exd5 exd5 4. Nf3 Nf6 5. Bd3 c5 6. 0-0 c4 7. Re1+ Be7 8. Bf1 0-0 9. Bg5 Nc6 10. Nbd2 Bg4 11. Bxf6 Bxf6 12. c3 Qb6 13. b4 a5 14. Rb1 Bf5 15. bxa5 Qxa5 16. Rxb7 Qxc3 17. Rb5 Rfd8 18. Ne5 Nxd4 19. Rb7 Nc2 20. Nb1 Qxe1 21. Qxe1 Nxe1 22. Nxf7 Rdb8 0-1

[Event "Titled Tuesday intern op 21st Jun Late"]
[Site "Chess.com INT"]
[Date "2022.06.21"]
[Round "3"]
[White "Adewumi, Tanitoluwa"]
[Black "Needleman, Alejandro"]
[Result "1-0"]
[WhiteElo "2305"]
[BlackElo "2325"]
[PlyCount "131"]
[EventDate "2022.06.21"]
[EventType "swiss (blitz)"]
[EventRounds "11"]
[EventCountry "USA"]
[SourceTitle "EXT 2023"]
[Source "ChessBase"]
[SourceDate "2022.10.05"]
[SourceVersion "1"]
[SourceVersionDate "2022.10.05"]
[SourceQuality "1"]

1. e4 c5 2. Nf3 e6 3. d4 cxd4 4. Nxd4 Nc6 5. Nc3 Qc7 6. Be3 a6 7. Qf3 Ne5 8. Qg3 h5 9. Bf4 d6 10. 0-0-0 h4 11. Qe3 Nf6 12. h3 b5 13. Kb1 Bb7 14. f3 Be7 15. Bh2 0-0 16. Nb3 Rfc8 17. Bd3 b4 18. Na4 Nxd3 19. cxd3 Bd8 20. Nac5 Bc6 21. d4 a5 22. Rc1 a4 23. Nd2 Qb6 24. Bxd6 e5 25. Bxe5 Nd7 26. Nxd7 Bxd7 27. Rxc8 Rxc8 28. Rc1 Rxc1+ 29. Kxc1 a3 30. b3 Qg6 31. Qf2 Bb5 32. f4 Qc6+ 33. Kd1 Qc3 34. d5 Qd3 35. Qf3 f6 36. Qxd3 Bxd3 37. Bd4 Be7 38. Ke1 g5 39. fxg5 fxg5 40. Kf2 Kf7 41. Ke3 Bb5 42. e5 Kg6 43. Ne4 Kf5 44. e6 Bf1 45. d6 Kxe6 46. dxe7 Kxe7 47. Nxg5 Bxg2 48. Kf2 Bd5 49. Bc5+ Kf6 50. Nf3 Kf5 51. Bxb4 Bxb3 52. axb3 a2 53. Bc3 Kf4 54. Ba1 Kf5 55. Nxh4+ Kf4 56. Nf3 Ke4 57. h4 Kd3 58. h5 Kc2 59. h6 Kb1 60. h7 Kxa1 61. h8Q+ Kb1 62. b4 a1Q 63. Qxa1+ Kxa1 64. b5 Kb2 65. b6 Kc3 66. b7 1-0

[Event "Titled Tuesday intern op 21st Jun Late"]
[Site "Chess.com INT"]
[Date "2022.06.21"]
[Round "1"]
[White "Needleman, Alejandro"]
[Black "Hnydiuk, Aleksander"]
[Result "0-1"]
[WhiteElo "2325"]
[BlackElo "2394"]
[PlyCount "48"]
[EventDate "2022.06.21"]
[EventType "swiss (blitz)"]
[EventRounds "11"]
[EventCountry "USA"]
[SourceTitle "EXT 2023"]
[Source "ChessBase"]
[SourceDate "2022.10.05"]
[SourceVersion "1"]
[SourceVersionDate "2022.10.05"]
[SourceQuality "1"]

1. e4 c5 2. Nf3 e6 3. b4 cxb4 4. d4 Nf6 5. Bd3 d5 6. e5 Ne4 7. 0-0 Be7 8. Qe1 0-0 9. Bxe4 dxe4 10. Qxe4 Qd5 11. Nbd2 b6 12. a3 Qxe4 13. Nxe4 Bb7 14. Re1 Nc6 15. axb4 Nxb4 16. Ba3 Rfc8 17. c3 Nc2 18. Bxe7 Bxe4 19. Rxe4 Nxa1 20. Rg4 Rxc3 21. h4 Nb3 22. Ng5 Re8 23. Ne4 Rc1+ 24. Kh2 Rxe7 0-1

[Event "Titled Tuesday intern op 21st Jun Late"]
[Site "Chess.com INT"]
[Date "2022.06.21"]
[Round "4"]
[White "Needleman, Alejandro"]
[Black "Sailer, Mike L"]
[Result "1-0"]
[WhiteElo "2325"]
[BlackElo "2109"]
[PlyCount "109"]
[EventDate "2022.06.21"]
[EventType "swiss (blitz)"]
[EventRounds "11"]
[EventCountry "USA"]
[SourceTitle "EXT 2023"]
[Source "ChessBase"]
[SourceDate "2022.10.05"]
[SourceVersion "1"]
[SourceVersionDate "2022.10.05"]
[SourceQuality "1"]

1. e4 d5 2. exd5 Qxd5 3. Nc3 Qd6 4. d4 Nf6 5. Nf3 c6 6. Ne5 Nbd7 7. Bf4 Nxe5 8. Bxe5 Qb4 9. Rb1 Bg4 10. Be2 Bxe2 11. Qxe2 e6 12. 0-0 Be7 13. a3 Qa5 14. b4 Qxa3 15. Rb3 Qa6 16. Qxa6 bxa6 17. Ra1 0-0 18. Rxa6 Nd5 19. Nxd5 cxd5 20. c3 Rfc8 21. Kf1 Bf6 22. Bd6 Bd8 23. Ke2 Bb6 24. Kd3 Rc6 25. Bc5 Rac8 26. Rba3 f6 27. Bxb6 axb6 28. Ra7 R8c7 29. Rxc7 Rxc7 30. Ra8+ Kf7 31. Rb8 Rc6 32. f4 h5 33. g3 Kg6 34. Rb7 h4 35. gxh4 Kf5 36. Rxg7 Kxf4 37. h5 e5 38. dxe5 fxe5 39. Rg6 e4+ 40. Kd4 Rc4+ 41. Kxd5 Rxc3 42. Rxb6 Rh3 43. h6 e3 44. Re6 Kf3 45. b5 e2 46. b6 Rxh6 47. Rxh6 e1Q 48. Rf6+ Kg4 49. Rc6 Qd2+ 50. Ke6 Qe3+ 51. Kd7 Qd4+ 52. Kc8 Qh8+ 53. Kb7 Qh7+ 54. Kb8 Qg8+ 55. Rc8 1-0

[Event "Titled Tuesday intern op 21st Jun Late"]
[Site "Chess.com INT"]
[Date "2022.06.21"]
[Round "9"]
[White "Prydun, Andriy"]
[Black "Needleman, Alejandro"]
[Result "0-1"]
[WhiteElo "2129"]
[BlackElo "2325"]
[PlyCount "40"]
[EventDate "2022.06.21"]
[EventType "swiss (blitz)"]
[EventRounds "11"]
[EventCountry "USA"]
[SourceTitle "EXT 2023"]
[Source "ChessBase"]
[SourceDate "2022.10.05"]
[SourceVersion "1"]
[SourceVersionDate "2022.10.05"]
[SourceQuality "1"]

1. d4 c5 2. d5 Nf6 3. c4 b5 4. cxb5 a6 5. e3 g6 6. Nc3 Bg7 7. f3 0-0 8. Bd2 d6 9. a4 e6 10. dxe6 Bxe6 11. Nge2 d5 12. Nf4 Re8 13. bxa6 d4 14. Nb5 Nxa6 15. Be2 dxe3 16. Bxe3 Nd5 17. Nxe6 Rxe6 18. Bc4 Rxe3+ 19. Kf2 Qh4+ 20. g3 Qxc4 0-1

[Event "ARG-ch 96th"]
[Site "Buenos Aires"]
[Date "2022.06.11"]
[Round "10"]
[White "Zamani, Andres"]
[Black "Needleman, Alejandro"]
[Result "0-1"]
[WhiteElo "1989"]
[BlackElo "2325"]
[PlyCount "44"]
[EventDate "2022.06.02"]
[EventType "swiss"]
[EventRounds "11"]
[EventCountry "ARG"]
[SourceTitle "EXT 2023"]
[Source "ChessBase"]
[SourceDate "2022.10.05"]
[SourceVersion "1"]
[SourceVersionDate "2022.10.05"]
[SourceQuality "1"]

1. e4 c5 2. Nf3 e6 3. d4 cxd4 4. Nxd4 Nc6 5. Nc3 Qc7 6. g4 d6 7. h4 a6 8. Bg2 Nxd4 9. Qxd4 Ne7 10. Qd3 Nc6 11. f4 Bd7 12. Be3 b5 13. Rd1 Be7 14. a3 Rc8 15. g5 Na5 16. 0-0 Nc4 17. Bc1 Nxa3 18. f5 Nxc2 19. Qxc2 b4 20. Rf3 bxc3 21. Rxc3 Qb6+ 22. Be3 Qxe3+ 0-1

[Event "ARG-ch 96th"]
[Site "Buenos Aires"]
[Date "2022.06.10"]
[Round "9"]
[White "Needleman, Alejandro"]
[Black "Oro, Faustino"]
[Result "1/2-1/2"]
[WhiteElo "2325"]
[BlackElo "2058"]
[PlyCount "64"]
[EventDate "2022.06.02"]
[EventType "swiss"]
[EventRounds "11"]
[EventCountry "ARG"]
[SourceTitle "CBM 208 Extra"]
[Source "ChessBase"]
[SourceDate "2022.07.31"]
[SourceVersion "1"]
[SourceVersionDate "2022.07.31"]
[SourceQuality "1"]

1. e4 c5 2. Nc3 d6 3. g3 Nc6 4. Nge2 e5 5. d3 g6 6. Nd5 Bg7 7. Bg2 Nge7 8. Bg5 h6 9. Bxe7 Nxe7 10. Nxe7 Qxe7 11. Nc3 Be6 12. a3 Rc8 13. Qd2 a6 14. h4 h5 15. Bh3 Qd7 16. Bxe6 fxe6 17. 0-0 0-0 18. f3 Rf6 19. Kg2 Rcf8 20. Ne2 Kh7 21. Ng1 Bh6 22. Qe2 Qg7 23. Nh3 g5 24. hxg5 Bxg5 25. Kh2 Bh6 26. Rf2 Rg8 27. Rg1 Rg6 28. Rfg2 Qf6 29. a4 Rf8 30. Rf1 Rfg8 31. Rfg1 Rf8 32. Rf1 Rfg8 1/2-1/2

[Event "Titled Tuesday intern op 10th May Early"]
[Site "Chess.com INT"]
[Date "2022.05.10"]
[Round "11"]
[White "Needleman, Alejandro"]
[Black "Ajay Krishna, S."]
[Result "0-1"]
[WhiteElo "2328"]
[BlackElo "2372"]
[PlyCount "154"]
[EventDate "2022.05.10"]
[EventType "swiss (blitz)"]
[EventRounds "11"]
[EventCountry "USA"]
[SourceTitle "CBM 208 Extra"]
[Source "ChessBase"]
[SourceDate "2022.07.31"]
[SourceVersion "1"]
[SourceVersionDate "2022.07.31"]
[SourceQuality "1"]

1. e4 c5 2. Nf3 d6 3. Bc4 e6 4. 0-0 Nf6 5. Re1 Nc6 6. c3 Be7 7. Bb3 0-0 8. d4 cxd4 9. cxd4 d5 10. e5 Nd7 11. Nc3 b6 12. Bc2 Ba6 13. a4 Nb4 14. Bb1 Qc7 15. Nb5 Qc6 16. Bg5 Bxg5 17. Nxg5 h6 18. Qd2 Bxb5 19. Qxb4 Ba6 20. Nh3 Rfc8 21. Nf4 Qc4 22. Qd2 Qc7 23. h4 Nf8 24. Ra3 Qe7 25. h5 Rc7 26. Rg3 Kh8 27. Ne2 Rac8 28. Nc3 Qh4 29. Rh3 Qg4 30. Ree3 Rc4 31. Rd3 Rb4 32. Nb5 Bxb5 33. axb5 Rbc4 34. Kh2 Rc1 35. Rdg3 Qd1 36. Qxd1 Rxd1 37. Ba2 Rxd4 38. Rc3 Rc5 39. Rxc5 bxc5 40. Ra3 Rb4 41. Rxa7 Rxb2 42. Rxf7 Kg8 43. Rc7 Rxa2 44. b6 Rb2 45. b7 c4 46. Kg3 c3 47. Rxc3 Rxb7 48. Rc8 Kf7 49. f4 Nd7 50. Kf3 Rb3+ 51. Kf2 Ke7 52. g4 d4 53. Rg8 Kf7 54. Rd8 Ke7 55. Rg8 Rb2+ 56. Ke1 Kf7 57. Rd8 Rb7 58. Kd2 Nc5 59. f5 exf5 60. gxf5 Re7 61. e6+ Kf6 62. Rxd4 Nb3+ 63. Ke3 Nxd4 64. Kxd4 Re8 65. Kd5 Re7 66. Kd6 Ra7 67. Kd5 Kxf5 68. e7 Rxe7 69. Kd6 Re4 70. Kd7 Rh4 71. Kd6 Rxh5 72. Kd7 Rg5 73. Kd6 h5 74. Kd7 h4 75. Kd6 h3 76. Kd7 h2 77. Kd6 h1Q 0-1

[Event "Titled Tuesday intern op 10th May Early"]
[Site "Chess.com INT"]
[Date "2022.05.10"]
[Round "5"]
[White "Silva, Winston Joseph R"]
[Black "Needleman, Alejandro"]
[Result "0-1"]
[WhiteElo "1908"]
[BlackElo "2328"]
[PlyCount "49"]
[EventDate "2022.05.10"]
[EventType "swiss (blitz)"]
[EventRounds "11"]
[EventCountry "USA"]
[SourceTitle "CBM 208 Extra"]
[Source "ChessBase"]
[SourceDate "2022.07.31"]
[SourceVersion "1"]
[SourceVersionDate "2022.07.31"]
[SourceQuality "1"]

1. e4 c5 2. Nf3 e6 3. d4 cxd4 4. c3 d3 5. Bxd3 Nc6 6. Bc4 d6 7. Qe2 Nf6 8. 0-0 e5 9. Rd1 Bg4 10. h3 Bh5 11. Bg5 Be7 12. Na3 a6 13. Rd2 0-0 14. Rad1 b5 15. Bb3 b4 16. Bxf6 Bxf6 17. Rxd6 Qc7 18. cxb4 Nd4 19. R1xd4 exd4 20. Rxf6 gxf6 21. Qd2 Bxf3 22. gxf3 Qe5 23. Qh6 Qg5+ 24. Qxg5+ fxg5 25. Nc4 0-1

[Event "Titled Tuesday intern op 26th Apr Late"]
[Site "Chess.com INT"]
[Date "2022.04.26"]
[Round "2"]
[White "Nozdrachev, Leonid"]
[Black "Needleman, Alejandro"]
[Result "0-1"]
[WhiteElo "2367"]
[BlackElo "2338"]
[PlyCount "152"]
[EventDate "2022.04.26"]
[EventType "swiss (blitz)"]
[EventRounds "11"]
[EventCountry "USA"]
[SourceTitle "CBM 208 Extra"]
[Source "ChessBase"]
[SourceDate "2022.07.31"]
[SourceVersion "1"]
[SourceVersionDate "2022.07.31"]
[SourceQuality "1"]

1. e4 c5 2. c3 e6 3. d4 d5 4. e5 Nc6 5. Nf3 cxd4 6. cxd4 Nge7 7. Bd3 Nf5 8. Be3 Be7 9. Nc3 0-0 10. 0-0 Nxe3 11. fxe3 f6 12. Qc2 f5 13. a3 Bd7 14. Ne2 Rc8 15. Qd2 Na5 16. Rad1 Ba4 17. Rc1 Nb3 18. Rxc8 Nxd2 19. Rxd8 Nxf3+ 20. gxf3 Bxd8 21. Rc1 Bb6 22. Nf4 Bd7 23. h4 Kf7 24. Kf2 g6 25. Rh1 a6 26. Rc1 Ke7 27. Rg1 Rg8 28. Rc1 h6 29. Rh1 Rg7 30. Rh2 g5 31. hxg5 hxg5 32. Ne2 Kf7 33. Rh8 Rg8 34. Rh7+ Rg7 35. Rh8 Rg8 36. Rh6 Rg6 37. Rh5 Kg7 38. Ng3 Bd8 39. Rh1 Rh6 40. Rxh6 Kxh6 41. Ne2 Kh5 42. Kg3 Bb6 43. Kh3 Ba4 44. Nc3 Bb3 45. Be2 f4 46. Nd1 fxe3 47. Nxe3 Bxd4 48. Ng4 Bc2 49. Nf6+ Kg6 50. Nd7 Kf5 51. b4 Bxe5 52. Nc5 b6 53. Nxa6 Kf4 54. Kg2 Ke3 55. Bb5 Bd1 56. Bd7 Bxf3+ 57. Kg1 Bg4 58. a4 d4 59. a5 bxa5 60. bxa5 d3 61. Nb4 d2 62. Ba4 d1Q+ 63. Bxd1 Bxd1 64. a6 Bf3 65. a7 Bd4 66. Nc2+ Kd3+ 67. Kh2 Kxc2 68. Kg3 Ba8 69. Kh3 e5 70. Kg4 e4 71. Kg3 e3 72. Kh3 e2 73. Kh2 e1Q 74. Kh3 Qe3+ 75. Kh2 Qf4+ 76. Kh3 Qh4# 0-1

[Event "Titled Tuesday intern op 29th Mar Late"]
[Site "Chess.com INT"]
[Date "2022.03.29"]
[Round "1"]
[White "Bachmann, Axel"]
[Black "Needleman, Alejandro"]
[Result "1/2-1/2"]
[WhiteElo "2588"]
[BlackElo "2338"]
[PlyCount "90"]
[EventDate "2022.03.29"]
[EventType "swiss (blitz)"]
[EventRounds "11"]
[EventCountry "USA"]
[SourceTitle "CBM 207 Extra"]
[Source "ChessBase"]
[SourceDate "2022.05.31"]
[SourceVersion "1"]
[SourceVersionDate "2022.05.31"]
[SourceQuality "1"]

1. d4 c5 2. d5 Nf6 3. c4 b5 4. cxb5 a6 5. bxa6 g6 6. g3 Bg7 7. Bg2 d6 8. Nc3 0-0 9. Nf3 Bxa6 10. 0-0 Nbd7 11. Rb1 Ng4 12. Bd2 Nge5 13. b3 Nxf3+ 14. Bxf3 Qa5 15. Qc2 Ne5 16. Bg2 Qa3 17. Bc1 Qa5 18. a4 Nf3+ 19. Bxf3 Qxc3 20. Qxc3 Bxc3 21. Bh6 Rfb8 22. Rfc1 Bf6 23. Bd2 Bc8 24. a5 Rb5 25. b4 Rab8 26. Be4 cxb4 27. Rxb4 Rxb4 28. Bxb4 Rxb4 29. Rxc8+ Kg7 30. Bd3 Ra4 31. a6 Bd4 32. Kg2 h5 33. Re8 Kf6 34. h4 Ra5 35. Bc4 Ra4 36. Bd3 Ra5 37. Bc4 Ra4 38. Rc8 Bc5 39. Bd3 Ke5 40. Rc7 Kf6 41. Rd7 Ra5 42. Kf3 Ra3 43. Kg2 Ra5 44. Kf3 Ra3 45. Kg2 Ra5 1/2-1/2

[Event "Titled Tuesday intern op 29th Mar Late"]
[Site "Chess.com INT"]
[Date "2022.03.29"]
[Round "4"]
[White "Derraugh, Geordie"]
[Black "Needleman, Alejandro"]
[Result "1/2-1/2"]
[WhiteElo "2202"]
[BlackElo "2338"]
[PlyCount "120"]
[EventDate "2022.03.29"]
[EventType "swiss (blitz)"]
[EventRounds "11"]
[EventCountry "USA"]
[SourceTitle "CBM 207 Extra"]
[Source "ChessBase"]
[SourceDate "2022.05.31"]
[SourceVersion "1"]
[SourceVersionDate "2022.05.31"]
[SourceQuality "1"]

1. e4 c5 2. Nf3 e6 3. d3 d5 4. Qe2 Nf6 5. g3 Nc6 6. Bg2 Qa5+ 7. c3 dxe4 8. dxe4 Be7 9. 0-0 0-0 10. Bf4 b5 11. Na3 Ba6 12. c4 bxc4 13. Nxc4 Qb4 14. Rfc1 Rab8 15. b3 Rfd8 16. Bxb8 Rxb8 17. Qe3 Nd7 18. e5 Bxc4 19. Rxc4 Qb6 20. Rd1 Nf8 21. h4 h6 22. Qe4 a5 23. Ng5 hxg5 24. Qxc6 Qxc6 25. Bxc6 gxh4 26. gxh4 Ng6 27. Rd7 Bxh4 28. Rxc5 Rc8 29. Ra7 Be7 30. Rc2 Bb4 31. Ra8 Rxa8 32. Bxa8 Nxe5 33. Be4 f5 34. Bg2 Kf7 35. Rc7+ Kf6 36. Rb7 g5 37. Rb6 Nd3 38. Bd5 Ke5 39. Bxe6 Bc5 40. Ra6 Bxf2+ 41. Kf1 Bd4 42. Bc4 Nf4 43. Rxa5+ Ke4 44. a4 g4 45. Ra8 g3 46. Rg8 g2+ 47. Rxg2 Nxg2 48. Kxg2 Bc3 49. Kf2 f4 50. Be2 Bb4 51. Bf3+ Kd4 52. Ke2 Kc5 53. Kd3 Kb6 54. Ke4 Bd2 55. Kd3 Be1 56. Kc4 Ka5 57. Be2 Bb4 58. Bf3 Be1 59. Be2 Bb4 60. Bf3 Be1 1/2-1/2